<?xml version="1.0" encoding="UTF-8"?>
<record
    xmlns:xsi="http://www.w3.org/2001/XMLSchema-instance"
    xsi:schemaLocation="http://www.loc.gov/MARC21/slim http://www.loc.gov/standards/marcxml/schema/MARC21slim.xsd"
    xmlns="http://www.loc.gov/MARC21/slim">

  <leader>01698nam a2200457 i 4500</leader>
  <controlfield tag="001">8030</controlfield>
  <controlfield tag="003">KOSZ 005</controlfield>
  <controlfield tag="005">20200507113233.0</controlfield>
  <controlfield tag="008">200507s1969    pl a   f      000 0 pol</controlfield>
  <datafield tag="015" ind1=" " ind2=" ">
    <subfield code="a">UWD 1969/4571</subfield>
  </datafield>
  <datafield tag="035" ind1=" " ind2=" ">
    <subfield code="a">991036895909705066</subfield>
  </datafield>
  <datafield tag="035" ind1=" " ind2=" ">
    <subfield code="a">(PL-WaBN)b19902591-48omnis_nlop</subfield>
  </datafield>
  <datafield tag="035" ind1=" " ind2=" ">
    <subfield code="a">b19902591</subfield>
  </datafield>
  <datafield tag="035" ind1=" " ind2=" ">
    <subfield code="a">(OCoLC)827717024</subfield>
  </datafield>
  <datafield tag="035" ind1=" " ind2=" ">
    <subfield code="a">(PL)b0000001990259</subfield>
  </datafield>
  <datafield tag="035" ind1=" " ind2=" ">
    <subfield code="a">(EXLNZ-48OMNIS_NETWORK)9910273439705606</subfield>
  </datafield>
  <datafield tag="040" ind1=" " ind2=" ">
    <subfield code="a">WA N</subfield>
    <subfield code="c">WA N</subfield>
    <subfield code="d">KOSZ 005/RW</subfield>
  </datafield>
  <datafield tag="046" ind1=" " ind2=" ">
    <subfield code="k">1969</subfield>
  </datafield>
  <datafield tag="080" ind1=" " ind2=" ">
    <subfield code="a">621.35</subfield>
  </datafield>
  <datafield tag="100" ind1="1" ind2=" ">
    <subfield code="a">S&#x119;kowski, Stefan</subfield>
    <subfield code="d">(1925-2014)</subfield>
    <subfield code="e">Autor</subfield>
  </datafield>
  <datafield tag="245" ind1="1" ind2="0">
    <subfield code="a">Galwanotechnika domowa /</subfield>
    <subfield code="c">Stefan S&#x119;kowski ; ilustracje Stanis&#x142;aw Kozaczy&#x144;ski.</subfield>
  </datafield>
  <datafield tag="250" ind1=" " ind2=" ">
    <subfield code="a">Wydanie 2 poprawione i rozszerzone.</subfield>
  </datafield>
  <datafield tag="260" ind1=" " ind2=" ">
    <subfield code="a">Warszawa :</subfield>
    <subfield code="b">Wydawnictwa Naukowo-Techniczne,</subfield>
    <subfield code="c">1969.</subfield>
  </datafield>
  <datafield tag="300" ind1=" " ind2=" ">
    <subfield code="a">153, [3] strony :</subfield>
    <subfield code="b">ilustracje ;</subfield>
    <subfield code="c">21 cm.</subfield>
  </datafield>
  <datafield tag="336" ind1=" " ind2=" ">
    <subfield code="a">Tekst</subfield>
    <subfield code="b">txt</subfield>
    <subfield code="2">rdacontent</subfield>
  </datafield>
  <datafield tag="337" ind1=" " ind2=" ">
    <subfield code="a">Bez urz&#x105;dzenia po&#x15B;rednicz&#x105;cego</subfield>
    <subfield code="b">n</subfield>
    <subfield code="2">rdamedia</subfield>
  </datafield>
  <datafield tag="338" ind1=" " ind2=" ">
    <subfield code="a">Wolumin</subfield>
    <subfield code="b">nc</subfield>
    <subfield code="2">rdacarrier</subfield>
  </datafield>
  <datafield tag="380" ind1=" " ind2=" ">
    <subfield code="a">Ksi&#x105;&#x17C;ki</subfield>
  </datafield>
  <datafield tag="380" ind1=" " ind2=" ">
    <subfield code="a">Publikacje popularnonaukowe</subfield>
  </datafield>
  <datafield tag="388" ind1=" " ind2=" ">
    <subfield code="a">1901-2000</subfield>
  </datafield>
  <datafield tag="388" ind1=" " ind2=" ">
    <subfield code="a">1945-1989</subfield>
  </datafield>
  <datafield tag="521" ind1="8" ind2=" ">
    <subfield code="a">Ksi&#x105;&#x17C;ka przeznaczona jest dla indywidualnych uczni&#xF3;w szk&#xF3;&#x142; &#x15B;rednich, dla amator&#xF3;w-galwanotechnik&#xF3;w oraz dla szkolnych k&#xF3;&#x142;ek zainteresowa&#x144;.</subfield>
  </datafield>
  <datafield tag="650" ind1=" " ind2="7">
    <subfield code="a">Galwanotechnika</subfield>
    <subfield code="2">DBN</subfield>
  </datafield>
  <datafield tag="655" ind1=" " ind2="7">
    <subfield code="a">Wydawnictwa popularne</subfield>
    <subfield code="2">DBN</subfield>
  </datafield>
  <datafield tag="658" ind1=" " ind2=" ">
    <subfield code="a">In&#x17C;ynieria i technika</subfield>
  </datafield>
  <datafield tag="700" ind1="1" ind2=" ">
    <subfield code="a">Kozaczy&#x144;ski, Stanis&#x142;aw</subfield>
    <subfield code="e">Ilustracje</subfield>
  </datafield>
  <datafield tag="710" ind1="2" ind2=" ">
    <subfield code="a">Wydawnictwa Naukowo-Techniczne</subfield>
    <subfield code="4">pbl</subfield>
  </datafield>
  <datafield tag="856" ind1=" " ind2=" ">
    <subfield code="u">http://koha.tu.koszalin.pl/cgi-bin/koha/opac-detail.pl?biblionumber=8032</subfield>
    <subfield code="y">Katalog online BPK</subfield>
  </datafield>
  <datafield tag="942" ind1=" " ind2=" ">
    <subfield code="2">UKD</subfield>
    <subfield code="c">KS</subfield>
  </datafield>
  <datafield tag="999" ind1=" " ind2=" ">
    <subfield code="c">8032</subfield>
    <subfield code="d">8032</subfield>
  </datafield>
  <datafield tag="952" ind1=" " ind2=" ">
    <subfield code="0">0</subfield>
    <subfield code="1">0</subfield>
    <subfield code="4">0</subfield>
    <subfield code="7">0</subfield>
    <subfield code="a">BPK</subfield>
    <subfield code="b">BPK</subfield>
    <subfield code="c">w</subfield>
    <subfield code="o">4414</subfield>
    <subfield code="p">02032894</subfield>
    <subfield code="y">KS</subfield>
  </datafield>
</record>
